| 000 | 00738nam a22002177a 4500 | ||
|---|---|---|---|
| 999 |
_c4806 _d4806 |
||
| 003 | AR-CdUCM | ||
| 008 | 190311b ||||| |||| 00| 0 spa d | ||
| 040 |
_aMUNICIPALIDAD PROVINCIAL DEL CUSCO _cBIBLIOTECA MUNICIPAL DEL CUSCO |
||
| 082 |
_a869.56 / _bH37 |
||
| 100 |
_aHelguero de Letzer, Teresa _914826 |
||
| 245 |
_aPoemas / _cTeresa Helguero de Letzer |
||
| 260 |
_aChile : _bZig-zag S.A., _c1946. |
||
| 300 |
_a53 páginas ; _c18 cm. |
||
| 500 | _aDonación de la familia Nieto. Dedicatoria de la autora. | ||
| 650 |
_aPoesía peruana - Siglo XX _914083 |
||
| 650 |
_aPoestisas peruanas _914827 |
||
| 650 |
_aPoesía contemporánea _93298 |
||
| 650 |
_aTeresa Helguero de Letzer _914828 |
||
| 942 |
_2ddc _cLIBROS |
||
| 945 | _alccs | ||